000 00582nam a2200193 i 4500
001 56848
003 ES-MaACL
005 20230906163444.0
007 t|
008 031013s1967 sp ||||1| spa d
245 0 0 _aDiez temas sobre plantas forrajeras /
_cpor Carmelo Benaiges...[et al.].
260 _aMadrid :
_bMinisterio de Agricultura,
_c1967.
300 _a191 p., lám. ;
_c21 cm.
490 1 _aCapacitacion Agraria
700 1 _aBenaiges, Carmelo.
_927420
830 0 _aCapacitacion Agraria
_9181840
852 _aES-MaACL
_jC-32822
_bR.63703
999 _c56848
_d56848